00870nam a2200193 a 4500999001500000020002700015020003000042082001400072100002200086245007100108250001200179260004800191300001700239650013700256856007000393942000700463952009700470952010900567 c3795d3795 a0201695847 (Hard back) a9780201695847 (Hard back) a004.67MAR1 aMarcus, J. Scott.10aDesigning Wide Area Networks and Internetworks : a practical guide a1st ed. aCanadabAddison-Wesley Professional,c1999. aXIX,385 p. ; aWide area networks (Computer networks)aInternetworking (Telecommunication)aComputer network protocolsaComputer networksaInternet40uhttp://www.amazon.com/exec/obidos/ASIN/0201695847/chopaconline-20 cBK 001040708REFaREFbREFcREFd2014-05-21o004.67 MAR (Shelf - 05A) p22438r2021-10-20yBK 001040708REFaREFbREFcREFd2026-01-17o004.67 MAR (Shelf - 05A) p25704r2026-01-17w2026-01-17yBK